Marippazhi(മരിപ്പാഴി) (Record no. 115277)

MARC details
000 -LEADER
fixed length control field 00447 a2200169 4500
005 - DATE AND TIME OF LATEST TRANSACTION
control field 20260413100648.0
008 - FIXED-LENGTH DATA ELEMENTS--GENERAL INFORMATION
fixed length control field 260413b |||||||| |||| 00| 0 eng d
020 ## - INTERNATIONAL STANDARD BOOK NUMBER
International Standard Book Number 9789357327091
080 ## - UNIVERSAL DECIMAL CLASSIFICATION NUMBER
Universal Decimal Classification number FM
Item number MAD/M
100 ## - MAIN ENTRY--PERSONAL NAME
Personal name Madhusankar, Meenakshi
245 ## - TITLE STATEMENT
Title Marippazhi(മരിപ്പാഴി)
250 ## - EDITION STATEMENT
Edition statement 2nd
260 ## - PUBLICATION, DISTRIBUTION, ETC. (IMPRINT)
Name of publisher, distributor, etc D C books.
Place of publication, distribution, etc Kottayam.
Date of publication, distribution, etc 2024.
300 ## - PHYSICAL DESCRIPTION
Extent 336p.
653 ## - INDEX TERM--UNCONTROLLED
Uncontrolled term Fiction-Novel-Malayalam Literature
942 ## - ADDED ENTRY ELEMENTS (KOHA)
item type Under processing
Holdings
Lost status Source of classification or shelving scheme Not for loan Home library Current library Date acquired Cost, normal purchase price Total Checkouts Full call number Barcode Date last seen Cost, replacement price Price effective from Koha item type Public note
  Universal Decimal Classification Not For Loan University Library University Library 27/02/2026 266.01   FM MAD/M 00097356 27/02/2026 399.00 27/02/2026 Books processing
University Library, CUSAT